000 01105nam a2200217Ia 4500
999 _c39026
_d39026
001 5537
003 GE_BSU
005 20190612135925.0
008 181216s1980||||ge |||||||||||||| ||geo||
040 _cGE_BSU
041 _ageo
080 _a658.512 : 724.4 ბ-73
100 _aბიჭიაშვილი, ჯ.
_9913
245 _aსამრეწველო ობიექტის კალენდარული დაგეგმვა და ვარიანტული გაანგარიშების მაგალითები ნაწ. 2 :
_bდამხმ. სახელმძღ. /
_cჯ. ბიჭიაშვილი ; რედ. ლ. გიორგაძე
264 _aთბილისი :
_bსპი,
_c1980.
300 _a107 გვ. ;
_c20 სმ.
653 _aსამრეწველო ობიექტის კალენდარული დაგეგმვა
653 _aსამრეწველო ობიექტი
700 _aგიორგაძე, ლ.
_eრედაქტორი
_92441
942 _cBK
_2udc